Normal view MARC view

Entry Topical Term

Number of records used in: 1

001 - CONTROL NUMBER

  • control field: 26100

003 - CONTROL NUMBER IDENTIFIER

  • control field: OSt

005 - DATE AND TIME OF LATEST TRANSACTION

  • control field: 20260521092859.0

008 - FIXED-LENGTH DATA ELEMENTS

  • fixed length control field: 260521|| aca||aabn | a|a d

040 ## - CATALOGING SOURCE

  • Original cataloging agency: OSt
  • Transcribing agency: OSt

150 ## - HEADING--TOPICAL TERM

  • Topical term or geographic name entry element: Rilke, Rainer Maria, 1875-1926-------Correspondence

670 ## - SOURCE DATA FOUND

  • Source citation: Work cat.: (OSt)22738: Rilke, Rainer Maria 26099, Letters to a young Poet, 1984

Powered by Koha